40 Landmarks: The Far East Quiz Stats

 Plays Quiz not verified by Sporcle

Challenge
Share
Tweet
Score 0/40 Timer 10:00
0 Plays Today
% Correct
The Great Wall of China at Qinhuangdao, The People's Republic of China
95%
Vladivostok Station, Vladivostok, The Russian Federation
69.6%
Liaodi Pagoda, Dingzhou, The People's Republic of China
54.5%
The Mausoleum of Genghis Khan, Ordos, The People's Republic of China
50.9%
Tianjin Eye, Tianjin, The People's Republic of China
50.9%
Harbin Institute of Technology, Harbin, The People's Republic of China
49.1%
Porcelain House, Tianjin, The People's Republic of China
47.3%
Temple of the Five Pagoda's, Hohhot, The People's Republic of China
42%
Tianjin Station, Tianjin, The People's Republic of China
41.1%
Tianjin Olympic Center Stadium, Tianjin, The People's Republic of China
40.2%
The Russky Bridge, Vladivostok, The Russian Federation
40.2%
St. Sophia Cathedral, Harbin, The People's Republic of China
40%
Church of Our Lady's Victories, Tianjin, The People's Republic of China
39.3%
Genghis Khan, Hohhot, The People's Republic of China
37.7%
Tianjin Science & Technology Museum, Tianjin, The People's Republic of China
36.6%
Ordos Museum, Ordos, The People's Republic of China
36.6%
The Yungang Grottoes, Datong, The People's Republic of China
35%
The Astor Hotel, Tianjin, The People's Republic of China
34.8%
Puning Temple, Chengde, The People's Republic of China
34.8%
Shenyang North Railway Station, Shenyang, The People's Republic of China
34.8%
% Correct
Xumi Fushou Temple, Chengde, The People's Republic of China
33%
The Transfiguration Cathedral, Khabarovsk, The Russian Federation
33%
Tianjin West Railway Station, Tianjin, The People's Republic of China
31.3%
Long Ta, Harbin, The People's Republic of China
30%
Liaoning Television Tower, Shenyang, The People's Republic of China
29.5%
Tianjin Grand Theater, Tianjin, The People's Republic of China
29.5%
Tianjin World Financial Center, Tianjin, The People's Republic of China
27.7%
The Dormition Cathedral of Khabarovsk, Khabarovsk, The Russian Federation
26.8%
Fenghua Bridge, Tianjin, The People's Republic of China
25.9%
Shenyang Taoxian Airport, Shenyang, The People's Republic of China
25.9%
Harbin West Railway Station, Harbin, The People's Republic of China
25.9%
Dalian Sightseeing Tower, Dalian, The People's Republic of China
24.5%
Tianjin Museum of Natural History, Tianjin, The People's Republic of China
20.5%
The 9.18 Historical Museum, Shenyang, The People's Republic of China
20%
St. Joseph Cathedral, Tianjin, The People's Republic of China
18.3%
Changchun Station, Changchun, The People's Republic of China
18.1%
Dalian North Railway Station, Dalian, The People's Republic of China
16.7%
Putuo Zongcheng Temple, Chengde, The People's Republic of China
15%
Dalian Modern Museum, Dalian, The People's Republic of China
13.3%
Tianjin Radio & Television Tower, Tianjin, The People's Republic of China
8.3%

You're not logged in!

Compare scores with friends on all Sporcle quizzes.
Join for Free
OR
Log In

You Might Also Like...

Show Comments

Extras

Top Quizzes Today


Score Distribution

Your Account Isn't Verified!

In order to create a playlist on Sporcle, you need to verify the email address you used during registration. Go to your Sporcle Settings to finish the process.

Report this User

Report this user for behavior that violates our Community Guidelines.

Details: